LEADER 01236nam a2200289 4500 001 000000333897 003 CaOOAMICUS 005 20190610000000.0 008 190610s2013 it 000 u ita r 020 $a978-88-6559-042-3 040 $aSeMil$bita 100 1 $aSendker, Jan-Philipp.$0(OLS)http://semarc/name/109630 240 14$aDas Herzenhören.$0(OLS)http://semarc/title/423576 245 12$aL'arte di ascoltare i battiti del cuore /$cJan-Philipp Sendker ; traduzione dal tedesco di Francesco Porzio. 250 $a10. ed 264 1$a[Vicenza] :$bBeat,$c2013. 300 $a303 p. ;$c20 cm 490 1 $aBiblioteca editori associati di tascabili ;$v18 700 1 $aPorzio, Francesco.$0(OLS)http://semarc/name/6660 830 0$aBiblioteca editori associati di tascabili ;$v18.$0(OLS)http://semarc/title/423575 850 $aSeMil 852 $aSeMil$W1$xVenegono$y1$m1V VI 211$j213641$B226175$CSeMilBibl$Z2$F226175 $81 961 $aLorenzi don Ugo - Omaggio 996 $6020$a978-88-6559-042-3$9(OLS)http://semarc/number/287494 996 $6245$aL'arte di ascoltare i battiti del cuore$9(OLS)http://semarc/title/423577 996 $6264$a[Vicenza] :$bBeat$9(OLS)http://semarc/publisher/58294 LEADER 01485nam a2200241 4500 001 000000338454 003 CaOOAMICUS 005 20191209153132.0 008 191209s1731 gw 000 u lat r 026 $aoni- tast s.n- (fEt (3) 1731 (R) 040 $aSeMil$bita 245 00$a5.2. 264 1$aColoniae Allobrogum :$bSumptibus Fabri et Barrillot, sociorum, et Marci-Michaelis Bousquet & sociorum,$c1731. 300 $a[2], 884, [4] p. ;$cfol. 500 $aSegn.: ?1 A-5L4 5M6 5N-5R4 5S6 500 $aP. 563 corrispondente alla c. 4B2 erroneamente numerata 559 e segnata 4A2 700 11$aLaunoy, Jean : de,$d<1603-1678>.$0(OLS)http://semarc/name/110631 773 0 $aLaunoy, Jean : de <1603-1678>$tJoannis Launoii, ... Opera omnia, ad selectum ordinem revocata. Ineditis opusculis aliquot, notis nonnullis dogmaticis, historicis et criticis, auctoris vita ... aucta et illustrata. Accessit tractatus de varia Launoii librorum fortuna. Tomi primi pars prima [-tomi quinti pars secunda].$dColoniae Allobrogum : Sumptibus Fabri et Barrillot, sociorum, et Marci-Michaelis Bousquet & sociorum, 1731-1732.$g5.2$w()338444 850 $aSeMil 852 $aSeMil$W1$xVenegono$y1$m3X VI 10 FA$j217571$B229682$CSeMilBibl$Z2$F229682 $8I 996 $6245$a5.2$9(OLS)http://semarc/title/105735 996 $6264$aColoniae Allobrogum :$bSumptibus Fabri et Barrillot, sociorum, et Marci-Michaelis Bousquet & sociorum$9(OLS)http://semarc/publisher/58732